[Event "World Rapid 2023"]
[Site "Samarkand UZB"]
[Date "2023.12.26"]
[EventDate "2023.12.26"]
[Round "2.2"]
[Result "0-1"]
[White "Henriquez Villagra, Cristobal"]
[Black "Subramaniyam H Bharath"]
[WhiteElo "2590"]
[BlackElo "2426"]
[PlyCount "78"]

1. e4 c6 2. d4 d5 3. e5 Bf5 4. h4 a6 5. g4 Bd7 6. h5 c5 7. c3 Nc6 8. Bh3 e6
9. f4 Qh4+ 10. Kf1 Rc8 11. Kg2 Qd8 12. Nf3 Nh6 13. Kg3 b5 14. Be3 cxd4 15.
Nxd4 Nxd4 16. Bxd4 b4 17. g5 Ng8 18. a3 bxc3 19. Nxc3 Ne7 20. Rc1 Nc6 21.
Ne2 Rb8 22. Bc3 Bc5 23. b4 Be3 24. Bd2 Qb6 25. g6 hxg6 26. hxg6 fxg6 27.
Qc2 Ne7 28. Bxe6 Rxh1 29. Bxd7+ Kxd7 30. Rxh1 Rc8 31. Qd3 Bxd2 32. Qxd2
Nf5+ 33. Kf3 d4 34. Rh3 Rc4 35. Kf2 Qc6 36. Rd3 Ke7 37. Kg1 Qe4 38. Ng3
Nxg3 39. Rxg3 Qb1+ 0-1

[Event "World Rapid 2023"]
[Site "Samarkand UZB"]
[Date "2023.12.26"]
[EventDate "2023.12.26"]
[Round "2.3"]
[Result "1-0"]
[White "Arystan Isanzhulov"]
[Black "Robert Hovhannisyan"]
[WhiteElo "2299"]
[BlackElo "2630"]
[PlyCount "152"]

1. e4 e5 2. Nf3 Nc6 3. Nc3 Nf6 4. d4 exd4 5. Nxd4 Bb4 6. Nxc6 bxc6 7. Bd3
d5 8. exd5 O-O 9. O-O cxd5 10. h3 c6 11. Qf3 Bd6 12. Bf4 Qc7 13. Bxd6 Qxd6
14. Rfe1 Bd7 15. Rad1 Rfe8 16. b3 a5 17. Ne2 c5 18. Nc3 Bc6 19. Bb5 Rxe1+
20. Rxe1 Bb7 21. Qf5 g6 22. Qe5 Qxe5 23. Rxe5 Kf8 24. Na4 Rc8 25. c4 Rc7
26. f3 h5 27. h4 Kg7 28. Kf2 Kf8 29. Kf1 Kg7 30. Nc3 dxc4 31. bxc4 Bc8 32.
Na4 Nd7 33. Re8 Nf8 34. Nb6 Be6 35. Ra8 Rb7 36. Na4 Bxc4+ 37. Bxc4 Rb4 38.
Bb3 c4 39. Bd1 Rb1 40. Ke1 Ne6 41. Rxa5 Nf4 42. g3 Ne6 43. Rd5 Kf6 44. Nc3
Rb2 45. Rd2 Rb8 46. Be2 Rc8 47. Nd5+ Kg7 48. Nb6 Rc7 49. Nxc4 Ra7 50. Bd1
Rc7 51. Bb3 g5 52. Nd6 Rc1+ 53. Rd1 Rc3 54. Bxe6 fxe6 55. Ke2 gxh4 56. gxh4
Ra3 57. Rd2 Ra4 58. Ne4 Kg6 59. Kf2 Kf5 60. Re2 e5 61. Kg3 Ra6 62. Rd2 Rg6+
63. Kf2 Ra6 64. Nc5 Ra5 65. Rc2 Ra3 66. Kg3 Kg6 67. Re2 Kf5 68. Nd7 e4 69.
Rxe4 Rxa2 70. Re5+ Kg6 71. Rg5+ Kh6 72. Nc5 Ra1 73. Ne4 Rg1+ 74. Kh2 Ra1
75. Ng3 Ra2+ 76. Kh3 1-0

[Event "World Rapid 2023"]
[Site "Samarkand UZB"]
[Date "2023.12.26"]
[EventDate "2023.12.26"]
[Round "2.4"]
[Result "1-0"]
[White "Timur Gareyev"]
[Black "Ortik Nigmatov"]
[WhiteElo "2617"]
[BlackElo "2398"]
[PlyCount "68"]

1. c4 e5 2. g3 Nc6 3. Nc3 g6 4. Bg2 Bg7 5. e3 f5 6. Nge2 Nf6 7. d4 e4 8. h4
O-O 9. Nf4 d6 10. h5 g5 11. h6 Bh8 12. Nfd5 Nxd5 13. cxd5 Nb4 14. Bf1 Rf7
15. a3 Na6 16. Bd2 Kf8 17. f3 exf3 18. Qxf3 c5 19. dxc6 bxc6 20. O-O-O Rb8
21. Rh2 Qb6 22. Be1 Be6 23. Bd3 Nc7 24. Na4 Qb7 25. Bb4 Rd8 26. e4 Bxd4 27.
Bc2 c5 28. Nxc5 dxc5 29. Rxd4 Rxd4 30. Bxc5+ Kg8 31. Bxd4 fxe4 32. Qxe4 Qb5
33. Rf2 Qd7 34. Qe5 1-0

[Event "World Rapid 2023"]
[Site "Samarkand UZB"]
[Date "2023.12.26"]
[EventDate "2023.12.26"]
[Round "2.5"]
[Result "0-1"]
[White "Daniyal Sapenov"]
[Black "Maksim Chigaev"]
[WhiteElo "2312"]
[BlackElo "2548"]
[PlyCount "108"]

1. e4 e5 2. Nf3 Nc6 3. Bb5 a6 4. Ba4 Nf6 5. d3 d6 6. c3 Be7 7. O-O O-O 8.
Nbd2 Re8 9. Re1 Bf8 10. Nf1 h6 11. h3 b5 12. Bc2 d5 13. Ng3 dxe4 14. dxe4
Be6 15. Be3 Qxd1 16. Rexd1 Reb8 17. Nf5 a5 18. g4 a4 19. a3 Bb3 20. Bxb3
axb3 21. Nd2 Na5 22. g5 hxg5 23. Bxg5 Nd7 24. Rab1 Nb6 25. Nh4 Na4 26. Re1
Bc5 27. Nhf3 f6 28. Be3 Bxe3 29. Rxe3 c5 30. Re2 Rd8 31. Kf1 c4 32. Ne1 Nb7
33. f3 Nbc5 34. Kf2 Ne6 35. Ng2 Rd3 36. Nf1 Ng5 37. Re3 Nxh3+ 38. Kg3 Rxe3
39. Nfxe3 Ng5 40. Nd5 Kf7 41. Nge3 Rh8 42. Kg2 Ne6 43. Nf5 Rd8 44. Kf2 g6
45. Nh6+ Kg7 46. Ng4 Rf8 47. Ke2 Nf4+ 48. Nxf4 exf4 49. Nf2 Rd8 50. Ke1 Rh8
51. Kf1 Kf7 52. Nd1 Nc5 53. Nf2 Nd3 54. Rd1 Nxf2 0-1

[Event "World Rapid 2023"]
[Site "Samarkand UZB"]
[Date "2023.12.26"]
[EventDate "2023.12.26"]
[Round "2.6"]
[Result "1-0"]
[White "S L Narayanan"]
[Black "Artem Pingin"]
[WhiteElo "2586"]
[BlackElo "2394"]
[PlyCount "68"]

1. Nf3 Nf6 2. c4 e6 3. Nc3 d5 4. d4 dxc4 5. e4 b5 6. e5 Nd5 7. Nxb5 Nb6 8.
Nc3 Nc6 9. Be3 Bb7 10. a3 Be7 11. Qc2 Na5 12. Be2 Qd7 13. O-O O-O 14. Rad1
Rab8 15. Ng5 Bxg5 16. Bxg5 Nb3 17. Be3 Bd5 18. f4 f5 19. exf6 Rxf6 20. Bg4
Qc6 21. f5 Rbf8 22. Bg5 R6f7 23. f6 gxf6 24. Bh6 Kh8 25. Bxf8 Rxf8 26. Qe2
Qd6 27. Nxd5 exd5 28. Bf5 c5 29. dxc5 Qxc5+ 30. Kh1 d4 31. Qh5 Qc7 32. Bc2
Na4 33. Qh6 Rf7 34. Bxh7 1-0

[Event "World Rapid 2023"]
[Site "Samarkand UZB"]
[Date "2023.12.26"]
[EventDate "2023.12.26"]
[Round "2.7"]
[Result "0-1"]
[White "Shahruh Turayev"]
[Black "Pavel Ponkratov"]
[WhiteElo "2184"]
[BlackElo "2569"]
[PlyCount "64"]

1. d4 Nf6 2. c4 e6 3. g3 c5 4. d5 exd5 5. cxd5 d6 6. Nc3 g6 7. Bg2 Bg7 8.
Nf3 O-O 9. O-O Re8 10. Bf4 a6 11. a4 h6 12. Re1 g5 13. Bc1 Nbd7 14. e4 Rb8
15. a5 b5 16. axb6 Rxb6 17. h3 Rb4 18. Ra4 a5 19. Nh2 c4 20. Rxb4 axb4 21.
Nb5 Nc5 22. Be3 Nd3 23. Re2 Nxe4 24. b3 Nc3 25. Nxc3 bxc3 26. bxc4 Bf5 27.
Nf3 Nb2 28. Qb3 Qc8 29. g4 Bd3 30. Rxb2 Bxc4 31. Qc2 cxb2 32. Nd4 Bxd4 0-1

[Event "World Rapid 2023"]
[Site "Samarkand UZB"]
[Date "2023.12.26"]
[EventDate "2023.12.26"]
[Round "2.8"]
[Result "0-1"]
[White "Evgeniy Najer"]
[Black "Jakub Seemann"]
[WhiteElo "2590"]
[BlackElo "2330"]
[PlyCount "90"]

1. e4 c5 2. Nf3 d6 3. d4 cxd4 4. Nxd4 Nf6 5. Nc3 a6 6. Be2 e5 7. Nb3 Be7 8.
Be3 Be6 9. Nd5 Bxd5 10. exd5 O-O 11. g4 Ne8 12. Qd2 h6 13. O-O-O a5 14. a4
Nd7 15. Kb1 Bg5 16. h4 Bxe3 17. Qxe3 Qb6 18. Qg3 g6 19. f4 exf4 20. Qxf4
Kg7 21. Rhf1 Ne5 22. h5 g5 23. Qf5 Qc7 24. Bd3 Rh8 25. Nd4 Qc8 26. Bb5 Qxf5
27. Nxf5+ Kh7 28. Rde1 Nxg4 29. Re7 Ne5 30. Rxb7 Rd8 31. Bd3 Kg8 32. Ne7+
Kg7 33. Ng6 Nf6 34. Nxh8 Rxh8 35. Ra7 Nxh5 36. Rxa5 Nf4 37. Ra6 h5 38. Rxd6
h4 39. a5 h3 40. a6 h2 41. Ka2 Nfxd3 42. cxd3 g4 43. a7 g3 44. Rh1 g2 45.
Rxh2 g1=Q 0-1

[Event "World Rapid 2023"]
[Site "Samarkand UZB"]
[Date "2023.12.26"]
[EventDate "2023.12.26"]
[Round "2.9"]
[Result "0-1"]
[White "Daler Vakhidov"]
[Black "Deshun Xiu"]
[WhiteElo "2110"]
[BlackElo "2579"]
[PlyCount "86"]

1. d4 Nf6 2. Nf3 d5 3. g3 g6 4. Bg2 Bg7 5. c4 c6 6. cxd5 cxd5 7. Ne5 O-O 8.
O-O Bf5 9. Nc3 Ne4 10. Bf4 Nc6 11. Qa4 Nxe5 12. Bxe5 Nxc3 13. bxc3 Bd7 14.
Qb3 Bc6 15. Bxg7 Kxg7 16. Rfe1 e6 17. e4 dxe4 18. Bxe4 Qd7 19. h4 Rac8 20.
Bxc6 Qxc6 21. Re3 Rfd8 22. Rae1 Rd5 23. Rf3 Rb5 24. Qd1 Rb2 25. h5 Rxa2 26.
hxg6 hxg6 27. d5 Qxd5 28. Qxd5 exd5 29. Re7 Rf8 30. Rxb7 Ra5 31. Rd7 a6 32.
Rd3 Rc8 33. Rf3 Rf8 34. Rd3 Ra3 35. R3xd5 Rc8 36. Ra7 Rcxc3 37. Rd6 a5 38.
Rd5 Rc2 39. Rdd7 Rf3 40. Rxa5 Rfxf2 41. Raa7 Rf3 42. Kh1 g5 43. g4 Rf1# 0-1

[Event "World Rapid 2023"]
[Site "Samarkand UZB"]
[Date "2023.12.26"]
[EventDate "2023.12.26"]
[Round "2.10"]
[Result "1/2-1/2"]
[White "M Amin Tabatabaei"]
[Black "Haowen Xue"]
[WhiteElo "2576"]
[BlackElo "2320"]
[PlyCount "36"]

1. e4 c6 2. d4 d5 3. exd5 cxd5 4. Bd3 Nc6 5. c3 Qc7 6. h3 g6 7. Nf3 Bf5 8.
Be2 Nf6 9. Na3 a6 10. Nc2 h5 11. Ne3 Be4 12. Ng5 e6 13. Nxe4 Nxe4 14. Nf1
O-O-O 15. Nd2 Bh6 16. Nxe4 Bxc1 17. Qxc1 dxe4 18. Qe3 e5 1/2-1/2

[Event "World Rapid 2023"]
[Site "Samarkand UZB"]
[Date "2023.12.26"]
[EventDate "2023.12.26"]
[Round "2.11"]
[Result "1-0"]
[White "Chithambaram Vr Aravindh"]
[Black "Mikhail Markov"]
[WhiteElo "2576"]
[BlackElo "2266"]
[PlyCount "74"]

1. d4 d5 2. Nf3 Nf6 3. c3 e6 4. Bf4 Bd6 5. e3 O-O 6. Nbd2 c5 7. Bg3 Qc7 8.
Rc1 c4 9. Ne5 b5 10. Be2 Bb7 11. O-O Ne4 12. Nxe4 dxe4 13. b3 f6 14. bxc4
fxe5 15. c5 Be7 16. Bxb5 Bf6 17. Rb1 Bd5 18. c4 Bc6 19. Qg4 a6 20. Bxc6
Qxc6 21. Rb6 Qc8 22. Rfb1 Nc6 23. Qxe4 Na5 24. Rc1 exd4 25. exd4 Rd8 26.
Rd6 Rxd6 27. cxd6 Ra7 28. d5 Kf7 29. h3 Nb7 30. c5 e5 31. Qe3 Ra8 32. Bxe5
Qf5 33. Bxf6 Qxf6 34. d7 Rd8 35. Re1 Rf8 36. c6 Nd6 37. c7 1-0

[Event "World Rapid 2023"]
[Site "Samarkand UZB"]
[Date "2023.12.26"]
[EventDate "2023.12.26"]
[Round "2.12"]
[Result "1-0"]
[White "Nodirbek Yakubboev"]
[Black "Mukhammadali Abdurakhmonov"]
[WhiteElo "2573"]
[BlackElo "2236"]
[PlyCount "128"]

1. e4 c5 2. Nf3 Nc6 3. Bb5 e6 4. Bxc6 bxc6 5. d3 Ne7 6. O-O Ng6 7. Ng5 f6
8. Nh3 d5 9. Qh5 Qc7 10. f4 Qf7 11. Nc3 Be7 12. Na4 Ba6 13. Re1 O-O 14. b3
c4 15. dxc4 dxc4 16. Be3 f5 17. Nc5 Bc8 18. Ng5 Bxg5 19. Qxg5 e5 20. Rf1 h6
21. Qg3 exf4 22. Bxf4 Nxf4 23. Qxf4 Qe7 24. Qe3 f4 25. Qd4 Be6 26. Qe5 Rae8
27. Rad1 cxb3 28. axb3 Qf7 29. Qc3 Qc7 30. b4 Bg4 31. Rd3 Qf7 32. Rf2 Re7
33. h3 Bc8 34. Rd6 Qe8 35. Kh2 Kh7 36. Rfd2 g5 37. Rd8 Qf7 38. Rxf8 Qxf8
39. Rd3 g4 40. hxg4 Bxg4 41. Kg1 Rg7 42. Kf2 Qe7 43. Ke1 Qh4+ 44. Kd2 Qf2+
45. Kc1 Qxg2 46. Qf6 f3 47. Rd6 Qh1+ 48. Kb2 Qh5 49. Nd3 Rf7 50. Qd4 a5 51.
e5 Qg5 52. bxa5 Bf5 53. e6 Re7 54. a6 c5 55. Nxc5 Qg2 56. Rd7 Qxc2+ 57. Ka3
Qc1+ 58. Kb4 Qe1+ 59. Kb5 Rxd7 60. exd7 f2 61. d8=Q f1=Q+ 62. Kb6 Qb1+ 63.
Kc7 Kg6 64. Q8f6+ 1-0

[Event "World Rapid 2023"]
[Site "Samarkand UZB"]
[Date "2023.12.26"]
[EventDate "2023.12.26"]
[Round "2.14"]
[Result "1-0"]
[White "Igor Lysyj"]
[Black "David Akhmedov"]
[WhiteElo "2547"]
[BlackElo "2099"]
[PlyCount "142"]

1. d4 Nf6 2. c4 e6 3. Nf3 d5 4. g3 Bb4+ 5. Bd2 a5 6. Bg2 O-O 7. Qb3 Be7 8.
O-O c6 9. Rc1 Nbd7 10. Be1 b6 11. cxd5 cxd5 12. Nc3 Ba6 13. Nb5 Rc8 14. Bd2
Rxc1+ 15. Rxc1 Ne4 16. Bf4 Bb4 17. a4 g5 18. Bc7 Qf6 19. Qe3 Rc8 20. Be5
Rxc1+ 21. Qxc1 Qe7 22. g4 f6 23. Bc7 Bxb5 24. axb5 Bd6 25. e3 Nf8 26. Bxb6
a4 27. Qc6 Kf7 28. Ne1 Nd2 29. Bc5 Nc4 30. Nd3 Qd7 31. Qa6 Qc7 32. Bxd6
Qxd6 33. Qxa4 Nd7 34. Qa7 Kg6 35. b3 Ncb6 36. b4 e5 37. Nc5 exd4 38. exd4
Nf8 39. Qb7 Nc4 40. Qxd5 Qxd5 41. Bxd5 Nb6 42. Be4+ Kf7 43. Kf1 h6 44. Ke2
Ke7 45. Bc6 Ne6 46. Nxe6 Kxe6 47. Kd3 Nc8 48. Be4 Nb6 49. Bb7 Na4 50. b6
Nxb6 51. Be4 Kd6 52. Kc3 Na4+ 53. Kb3 Nb6 54. b5 Nc8 55. Kb4 Nb6 56. Bg2
Kc7 57. Kc5 Na4+ 58. Kd5 Kd7 59. Bf3 Nb6+ 60. Kc5 Na4+ 61. Kb4 Nb6 62. Bd1
Nd5+ 63. Kc5 Nf4 64. Bc2 Ne6+ 65. Kc4 Nd8 66. Be4 Nf7 67. Kc5 Nd8 68. Bf5+
Ke7 69. b6 Nb7+ 70. Kc6 Na5+ 71. Kc7 1-0

[Event "World Rapid 2023"]
[Site "Samarkand UZB"]
[Date "2023.12.26"]
[EventDate "2023.12.26"]
[Round "2.15"]
[Result "0-1"]
[White "Sergey Sklokin"]
[Black "Volodar Murzin"]
[WhiteElo "1946"]
[BlackElo "2534"]
[PlyCount "34"]

1. e4 c5 2. Nf3 e6 3. Nc3 Nc6 4. d4 cxd4 5. Nxd4 a6 6. Be3 Qc7 7. a3 b5 8.
Be2 Bb7 9. O-O Nf6 10. f3 Bd6 11. h3 Nxd4 12. Bxd4 Nh5 13. Bf2 O-O 14. Qd3
Nf4 15. Qd2 Be5 16. Bd4 Bxd4+ 17. Qxd4 Qxc3 0-1

[Event "World Rapid 2023"]
[Site "Samarkand UZB"]
[Date "2023.12.26"]
[EventDate "2023.12.26"]
[Round "2.16"]
[Result "1/2-1/2"]
[White "Ian Nepomniachtchi"]
[Black "Ernur Amangeldy"]
[WhiteElo "2778"]
[BlackElo "1952"]
[PlyCount "68"]

1. e4 c5 2. Nf3 d6 3. d4 cxd4 4. Nxd4 Nf6 5. Nc3 e5 6. Bb5+ Nbd7 7. Nf5 a6
8. Bxd7+ Qxd7 9. Bg5 Nxe4 10. Nxg7+ Bxg7 11. Nxe4 O-O 12. O-O f6 13. Bd2 d5
14. Ng3 f5 15. f4 e4 16. c3 d4 17. cxd4 Qxd4+ 18. Kh1 Be6 19. Nh5 Rfd8 20.
Nxg7 Qxg7 21. Qe1 Rd3 22. Bc3 Qg4 23. Rc1 Bd5 24. Rc2 Bc6 25. Be5 Rad8 26.
h3 Qd1 27. Qh4 Qxf1+ 28. Kh2 R8d6 29. Bxd6 Rxd6 30. Qg5+ Rg6 31. Qd8+ Kg7
32. Qe7+ Kg8 33. Qd8+ Kg7 34. Qe7+ Kg8 1/2-1/2

[Event "World Rapid 2023"]
[Site "Samarkand UZB"]
[Date "2023.12.26"]
[EventDate "2023.12.26"]
[Round "2.18"]
[Result "1-0"]
[White "Vachier-Lagrave, Maxime"]
[Black "Mikhail Bryakin"]
[WhiteElo "2767"]
[BlackElo "2508"]
[PlyCount "68"]

1. e4 c6 2. Nf3 d5 3. Nc3 Nf6 4. e5 Ne4 5. Ne2 Qb6 6. d4 h6 7. c3 e6 8. Ng3
c5 9. Bd3 Nxg3 10. hxg3 Bd7 11. Ng5 Be7 12. dxc5 Qxc5 13. Qh5 Bxg5 14. Bxg5
Nc6 15. Be3 d4 16. cxd4 Qb4+ 17. Kf1 Qxb2 18. Rb1 Qxa2 19. Rxb7 Rb8 20.
Rxb8+ Nxb8 21. Kg1 Nc6 22. Qg4 Kf8 23. Kh2 Nb4 24. Be4 Qa5 25. Bd2 Qb5 26.
Bxb4+ Qxb4 27. Rb1 Qa4 28. Rb8+ Be8 29. Qf3 Ke7 30. Qc3 f5 31. Rb7+ Kf8 32.
Qc5+ Kg8 33. Qe7 Rh7 34. Qxe6+ 1-0

[Event "World Rapid 2023"]
[Site "Samarkand UZB"]
[Date "2023.12.26"]
[EventDate "2023.12.26"]
[Round "2.19"]
[Result "1/2-1/2"]
[White "Fabiano Caruana"]
[Black "Denis Makhnev"]
[WhiteElo "2762"]
[BlackElo "2504"]
[PlyCount "132"]

1. c4 e5 2. Nc3 Nf6 3. Nf3 Nc6 4. g3 d5 5. cxd5 Nxd5 6. Bg2 Bc5 7. O-O O-O
8. d3 h6 9. Nxd5 Qxd5 10. a3 a5 11. Bd2 Bd6 12. Bc3 Qb5 13. d4 e4 14. a4
Qa6 15. Ne5 Bxe5 16. dxe5 Bg4 17. Re1 Rfe8 18. Qd5 Bf5 19. Qc5 Rad8 20. f4
exf3 21. exf3 Qb6 22. Qxb6 cxb6 23. Kf2 Nd4 24. Rad1 Ne6 25. Bf1 Bc2 26.
Rd6 Rxd6 27. exd6 Rd8 28. Be5 Bxa4 29. g4 Bc6 30. h4 Kf8 31. Bc4 Nc5 32. g5
b5 33. gxh6 gxh6 34. Be2 Re8 35. Bd4 Nd7 36. Be3 Re6 37. Rd1 Ke8 38. Bf4
Nb6 39. Rg1 Nc4 40. Rg8+ Kd7 41. Bxc4 bxc4 42. Rh8 Rf6 43. Ke3 Re6+ 44. Kf2
a4 45. Bxh6 Rf6 46. f4 Rxd6 47. Bg7 Rd3 48. h5 Rf3+ 49. Ke2 Rh3 50. h6 Be4
51. Ra8 b5 52. Ra6 Bc2 53. Rb6 Bd3+ 54. Kd2 Kc7 55. Rf6 b4 56. Rxf7+ Kc6
57. f5 c3+ 58. bxc3 b3 59. c4 a3 60. Rf6+ Kb7 61. c5 b2 62. Rb6+ Ka7 63. h7
Bxf5 64. h8=Q Rxh8 65. Bxh8 b1=Q 66. Rxb1 Bxb1 1/2-1/2

[Event "World Rapid 2023"]
[Site "Samarkand UZB"]
[Date "2023.12.26"]
[EventDate "2023.12.26"]
[Round "2.20"]
[Result "1-0"]
[White "Shakhriyar Mamedyarov"]
[Black "Chongsheng Zeng"]
[WhiteElo "2715"]
[BlackElo "2501"]
[PlyCount "90"]

1. d4 d5 2. c4 c6 3. Nc3 Nf6 4. e3 e6 5. Nf3 Nbd7 6. Qc2 Bd6 7. g4 h6 8. g5
hxg5 9. Nxg5 e5 10. Bd2 exd4 11. exd4 Qe7+ 12. Be2 dxc4 13. O-O-O Nb6 14.
h4 g6 15. Rde1 Bf5 16. Bd3 cxd3 17. Rxe7+ Bxe7 18. Qb3 O-O 19. Nd1 Nbd5 20.
Ne3 Nxe3 21. fxe3 Ne4 22. Nxe4 Bxe4 23. Rf1 c5 24. Rf4 c4 25. Qb5 f5 26.
Qxc4+ Kg7 27. Bc3 Bf6 28. Kd2 Rae8 29. d5 Bxc3+ 30. bxc3 Kh6 31. Qd4 b5 32.
Rf1 Rf7 33. Rb1 a6 34. a4 bxa4 35. c4 f4 36. d6 fxe3+ 37. Qxe3+ Kh7 38. h5
gxh5 39. Rh1 Bg6 40. Qxe8 Rf2+ 41. Ke1 Bxe8 42. Kxf2 Kg6 43. Ke3 Bc6 44.
Kxd3 a3 45. Kc3 1-0

[Event "World Rapid 2023"]
[Site "Samarkand UZB"]
[Date "2023.12.26"]
[EventDate "2023.12.26"]
[Round "2.21"]
[Result "1/2-1/2"]
[White "R Praggnanandhaa"]
[Black "Sergey Grigoriants"]
[WhiteElo "2706"]
[BlackElo "2493"]
[PlyCount "88"]

1. e4 e5 2. Nf3 Nc6 3. Bc4 Bc5 4. d3 Nf6 5. c3 d6 6. O-O a5 7. Re1 Ba7 8.
Be3 Bxe3 9. Rxe3 O-O 10. Nbd2 Ne7 11. d4 Ng6 12. Bf1 h5 13. h3 h4 14. Nc4
Qe7 15. Re1 Nh7 16. Ne3 c6 17. Nh2 Qg5 18. Qf3 Nf6 19. Nhg4 Nxg4 20. Nxg4
f5 21. exf5 Bxf5 22. dxe5 Bxg4 23. Qxg4 Qxg4 24. hxg4 Nxe5 25. Rad1 Rae8
26. g5 d5 27. Re3 Ng6 28. Rde1 Rxe3 29. Rxe3 Rf5 30. Bd3 Rxg5 31. Bxg6 Rxg6
32. Re7 b5 33. Kh2 Rg4 34. b3 d4 35. f3 Rf4 36. cxd4 Rxd4 37. Ra7 a4 38.
Rc7 axb3 39. axb3 Rd3 40. Rxc6 Rxb3 41. Rb6 Kf7 42. Kh3 Rb4 43. f4 Rxf4 44.
Rxb5 Kf6 1/2-1/2

[Event "World Rapid 2023"]
[Site "Samarkand UZB"]
[Date "2023.12.26"]
[EventDate "2023.12.26"]
[Round "2.22"]
[Result "1-0"]
[White "Alexander Grischuk"]
[Black "Anton Smirnov"]
[WhiteElo "2678"]
[BlackElo "2486"]
[PlyCount "112"]

1. d4 d5 2. Nf3 Nf6 3. Bf4 c5 4. e3 Nc6 5. Nbd2 Bg4 6. c3 e6 7. Qb3 Qc8 8.
Nh4 Bh5 9. h3 cxd4 10. exd4 Be7 11. g4 Bg6 12. Nxg6 hxg6 13. Be2 a6 14. Be3
Qc7 15. O-O-O b5 16. Kb1 Bd6 17. Qc2 Bf4 18. Rdg1 Nd7 19. h4 Nb6 20. h5 g5
21. Nf3 Bxe3 22. fxe3 f6 23. e4 O-O-O 24. e5 fxe5 25. dxe5 Nxe5 26. Nxg5
Qe7 27. Nf3 Nxf3 28. Bxf3 Rdf8 29. Be2 Qg5 30. Rf1 Kd7 31. a3 Ke8 32. Re1
Kd7 33. Qb3 Qe7 34. Bd3 Kc7 35. Qc2 Nc4 36. Qh2+ Kc6 37. Bxc4 bxc4 38. Qe5
Kd7 39. Qd4 Kc6 40. Re2 Re8 41. Rhe1 Rh6 42. Re5 Qc5 43. Qd2 Qd6 44. Qd4
Re7 45. Ka2 Qc5 46. Qd1 Qd6 47. g5 Rh8 48. Qg4 Rhe8 49. h6 gxh6 50. gxh6
Kb7 51. Rg5 e5 52. Rg6 Qd7 53. Qg1 Qb5 54. Rg7 Ka8 55. Rxe7 Rxe7 56. h7 1-0

[Event "World Rapid 2023"]
[Site "Samarkand UZB"]
[Date "2023.12.26"]
[EventDate "2023.12.26"]
[Round "2.23"]
[Result "0-1"]
[White "Mahammad Muradli"]
[Black "Laurent Fressinet"]
[WhiteElo "2447"]
[BlackElo "2652"]
[PlyCount "92"]

1. Nf3 d5 2. d4 Nf6 3. c4 e6 4. g3 Be7 5. Bg2 O-O 6. O-O c6 7. Nc3 a5 8.
Bf4 dxc4 9. Ne5 Nd5 10. Nxc4 Nd7 11. Rc1 Nxf4 12. gxf4 Nf6 13. e3 Bd7 14.
Ne5 Be8 15. a3 g6 16. Qb3 Rb8 17. Rfd1 Nd5 18. Ne4 Kh8 19. Nc5 Rg8 20. Kh1
g5 21. f5 exf5 22. Ncd7 Rc8 23. Bxd5 cxd5 24. Qxb7 Ra8 25. Nc6 Qxd7 26.
Qxa8 Qe6 27. Ne5 f4 28. Qc8 Qf6 29. Qg4 Qb6 30. exf4 f6 31. Nc6 Bf8 32. Qe6
Bh5 33. f5 Qxb2 34. Kg1 Bxd1 35. Rxd1 Qxa3 36. Qxf6+ Bg7 37. Qe6 Qf3 38.
Rb1 Rf8 39. Ne7 Bxd4 40. Rf1 a4 41. Nxd5 Qxf5 42. Qxf5 Rxf5 43. Nb4 a3 44.
Rd1 Bxf2+ 45. Kg2 Bc5 46. Rd8+ Rf8 0-1

[Event "World Rapid 2023"]
[Site "Samarkand UZB"]
[Date "2023.12.26"]
[EventDate "2023.12.26"]
[Round "2.24"]
[Result "1-0"]
[White "Sabino Brunello"]
[Black "Stepan Zilka"]
[WhiteElo "2651"]
[BlackElo "2474"]
[PlyCount "96"]

1. c4 e6 2. g3 d5 3. Bg2 Nf6 4. Nf3 Be7 5. O-O O-O 6. b3 c5 7. cxd5 Nxd5 8.
Bb2 Bf6 9. d4 cxd4 10. Nxd4 Nc6 11. Nxc6 bxc6 12. Bxf6 Qxf6 13. Nd2 Ba6 14.
Ne4 Qb2 15. Bf3 f5 16. Nc5 Nc3 17. Qc1 Nxe2+ 18. Bxe2 Qxc1 19. Rfxc1 Bxe2
20. Nxe6 Rf6 21. Nd4 Bd3 22. Rxc6 Rxc6 23. Nxc6 Be4 24. Rc1 a5 25. a4 f4
26. gxf4 Bxc6 27. Rxc6 Rb8 28. Rc3 Kf7 29. Kg2 Ke6 30. Kg3 Rb4 31. f3 Kf6
32. h4 g6 33. Rc6+ Kg7 34. Rc7+ Kh6 35. f5 Rxb3 36. fxg6 hxg6 37. Rc5 Rb4
38. Rxa5 Rc4 39. Ra8 Kg7 40. a5 Ra4 41. a6 Ra1 42. a7 Rg1+ 43. Kf2 Ra1 44.
f4 Kh7 45. h5 gxh5 46. f5 Ra2+ 47. Kg3 Ra5 48. f6 1-0

[Event "World Rapid 2023"]
[Site "Samarkand UZB"]
[Date "2023.12.26"]
[EventDate "2023.12.26"]
[Round "2.25"]
[Result "1/2-1/2"]
[White "Aleksey Grebnev"]
[Black "Alexey Sarana"]
[WhiteElo "2461"]
[BlackElo "2629"]
[PlyCount "32"]

1. d4 Nf6 2. c4 e6 3. Nc3 d5 4. cxd5 exd5 5. Bg5 c6 6. e3 h6 7. Bh4 Be7 8.
Bd3 O-O 9. Nge2 Ne4 10. Bxe7 Qxe7 11. Bxe4 dxe4 12. O-O Nd7 13. Rc1 Nf6 14.
Qa4 Bd7 15. Qa5 Rfe8 16. Rfd1 Qd6 1/2-1/2

[Event "World Rapid 2023"]
[Site "Samarkand UZB"]
[Date "2023.12.26"]
[EventDate "2023.12.26"]
[Round "2.26"]
[Result "0-1"]
[White "Surya Shekhar Ganguly"]
[Black "M Pranesh"]
[WhiteElo "2646"]
[BlackElo "2459"]
[PlyCount "78"]

1. e4 e5 2. Nf3 Nc6 3. d4 exd4 4. Nxd4 Nf6 5. Nxc6 bxc6 6. Nd2 Bc5 7. Nb3
Bb6 8. e5 Qe7 9. Qe2 Nd5 10. c4 Ba6 11. h4 O-O 12. Bg5 f6 13. exf6 Qf7 14.
O-O-O Nxf6 15. Qc2 d6 16. Bd3 h6 17. f3 Nd7 18. Rde1 Ne5 19. Rxe5 dxe5 20.
Bh7+ Kh8 21. c5 Ba5 22. Bg6 Qg8 23. Nxa5 Qxa2 24. Qd2 Qa1+ 25. Bb1 e4 26.
fxe4 hxg5 27. hxg5+ Kg8 28. Qd7 Rae8 29. g6 Bc8 30. Qxc6 Be6 31. Qxc7 Rf2
32. Qe5 Qxa5 33. Rd1 Qa6 34. Bd3 Qa1+ 35. Bb1 Qxb1+ 36. Kxb1 Ba2+ 37. Kxa2
Rxe5 38. c6 Rc5 39. Rd6 Rf6 0-1

[Event "World Rapid 2023"]
[Site "Samarkand UZB"]
[Date "2023.12.26"]
[EventDate "2023.12.26"]
[Round "2.27"]
[Result "0-1"]
[White "Mamikon Gharibyan"]
[Black "Parham Maghsoodloo"]
[WhiteElo "2382"]
[BlackElo "2644"]
[PlyCount "72"]

1. d4 Nf6 2. c4 e6 3. Nf3 h6 4. Nc3 Bb4 5. g3 Bxc3+ 6. bxc3 b6 7. Bg2 Bb7
8. O-O O-O 9. a4 Be4 10. Re1 Nc6 11. Bf1 d5 12. Nd2 Bg6 13. Bg2 Re8 14.
cxd5 exd5 15. f3 Re3 16. Bb2 Na5 17. Nf1 Re6 18. g4 Nc4 19. Bc1 Qd6 20. e3
Rae8 21. Ra2 a5 22. h3 c6 23. Rae2 b5 24. h4 bxa4 25. g5 hxg5 26. hxg5 Nh5
27. e4 Nf4 28. e5 Nxe2+ 29. Rxe2 Qb8 30. Qxa4 Qb5 31. Qxb5 cxb5 32. Ng3 Bd3
33. Rf2 b4 34. cxb4 axb4 35. f4 Ra6 36. Bxd5 Ra1 0-1

[Event "World Rapid 2023"]
[Site "Samarkand UZB"]
[Date "2023.12.26"]
[EventDate "2023.12.26"]
[Round "2.28"]
[Result "1/2-1/2"]
[White "Kazybek Nogerbek"]
[Black "Gadir Guseinov"]
[WhiteElo "2409"]
[BlackElo "2631"]
[PlyCount "110"]

1. d4 Nf6 2. c4 g6 3. Nc3 Bg7 4. e4 d6 5. Nf3 O-O 6. Be2 e5 7. O-O exd4 8.
Nxd4 Re8 9. f3 c6 10. Kh1 d5 11. cxd5 cxd5 12. Bg5 Nc6 13. Bb5 h6 14. Nxc6
bxc6 15. Bxc6 hxg5 16. Bxa8 d4 17. Nd5 Ba6 18. Nxf6+ Qxf6 19. Bd5 Bxf1 20.
Qxf1 Rc8 21. Bc4 Qf4 22. b3 Qd2 23. Qe1 Qb2 24. Qc1 Qc3 25. Rb1 Rc5 26.
Qxc3 dxc3 27. Rc1 Be5 28. g3 Kf8 29. Kg2 Ke7 30. Kf2 Rc8 31. Ke3 Rh8 32.
Rc2 f5 33. exf5 gxf5 34. Re2 Kf6 35. Kd3 a5 36. Kc2 Rc8 37. Bd3 Rc7 38. g4
fxg4 39. fxg4 Rc8 40. Rf2+ Ke7 41. Rf5 Kd6 42. Rxg5 Rh8 43. Rh5 Rxh5 44.
gxh5 Bxh2 45. Kxc3 Ke7 46. Kc4 Bf4 47. Kb5 Bd2 48. h6 Kf7 49. Bh7 Kf6 50.
Be4 Kf7 51. Kb6 Kg8 52. h7+ Kh8 53. Kb5 Be1 54. Bc2 Bd2 55. a3 Be1 1/2-1/2

[Event "World Rapid 2023"]
[Site "Samarkand UZB"]
[Date "2023.12.26"]
[EventDate "2023.12.26"]
[Round "2.29"]
[Result "0-1"]
[White "Sinisa Drazic"]
[Black "Dmitry Andreikin"]
[WhiteElo "2412"]
[BlackElo "2631"]
[PlyCount "64"]

1. e4 c5 2. Nf3 e6 3. c3 d5 4. exd5 Qxd5 5. d4 Nf6 6. Be2 Be7 7. Na3 O-O 8.
O-O Qd8 9. Nc2 Nbd7 10. c4 b6 11. b3 Bb7 12. Bb2 Qc7 13. Qd2 Rfd8 14. Rfd1
Nf8 15. Qe1 Ng6 16. Ne5 cxd4 17. Nxg6 hxg6 18. Nxd4 Bc5 19. b4 Bd6 20. g3
a5 21. a3 axb4 22. axb4 Rxa1 23. Bxa1 Bf8 24. f3 e5 25. Nb5 Rxd1 26. Qxd1
Qe7 27. Bc3 e4 28. f4 e3 29. Qd4 Ba8 30. Kf1 Qb7 31. Qxe3 Qh1+ 32. Qg1 Bg2+
0-1